Royal Marines Commando Ranks - Statistics

General Stats
  • This quiz has been taken 181 times
  • The average score is 9 of 14
Answer Stats
Rating/Officer % Correct
Corporal
85%
Colonel
83%
Marine
83%
Sergeant
82%
Captain
76%
Lance Corporal
76%
Major
73%
Colour Sergeant
56%
Second Lieutenant
47%
Brigadier
46%
Lieutenant Colonel
44%
Warrant Officer Class 1
44%
Major General
40%
First Lieutenant
35%
No matching quizzes found
Score Distribution
Percent of People with Each Score
Percentile by Number Answered
Your Score History
You have not taken this quiz